Catálogo
 En Linea

Guanibey / (Registro nro. 36726)

Detalles MARC
000 -CABECERA
campo de control de longitud fija 00739nam a2200253 a 4500
001 - NÚMERO DE CONTROL
campo de control 000037236
003 - IDENTIFICADOR DEL NÚMERO DE CONTROL
campo de control DO-SdBNP
005 - FECHA Y HORA DE LA ÚLTIMA TRANSACCIÓN
campo de control 20240411074014.0
007 - CAMPO FIJO DE DESCRIPCIÓN FÍSICA--INFORMACIÓN GENERAL
campo de control de longitud fija ta
008 - DATOS DE LONGITUD FIJA--INFORMACIÓN GENERAL
campo de control de longitud fija 120316e2012 dr 001 mdspa d
040 ## - FUENTE DE LA CATALOGACIÓN
Centro catalogador/agencia de origen DO-SdBNP
Lengua de catalogación spa
Centro/agencia transcriptor BNPHU
082 4# - NÚMERO DE LA CLASIFICACIÓN DECIMAL DEWEY
Número de edición 22
Número de clasificación 863.5
Número de documento/Ítem V335g
100 1# - ENTRADA PRINCIPAL--NOMBRE DE PERSONA
Nombre de persona Vásquez Frías, Pastor
Fechas asociadas al nombre 1967-
9 (RLIN) 78240
245 1# - MENCIÓN DE TÍTULO
Título Guanibey /
Mención de responsabilidad, etc. Pastor Vásquez.
260 ## - PUBLICACIÓN, DISTRIBUCIÓN, ETC.
Lugar de publicación, distribución, etc. Santo Domingo :
Nombre del editor, distribuidor, etc. InPúblicos,
Fecha de publicación, distribución, etc. 2012.
300 ## - DESCRIPCIÓN FÍSICA
Extensión 174 p. ;
Dimensiones 17 cm.
490 0# - MENCIÓN DE SERIE
Mención de serie Tierra alta
500 ## - NOTA GENERAL
Nota general Incluye datos biográficos del autor en la solapa del libro.
501 ## - NOTA DE "CON"
Nota de “Con” Con targetas postales.
650 ## - PUNTO DE ACCESO ADICIONAL DE MATERIA--TÉRMINO DE MATERIA
Término de materia o nombre geográfico como elemento de entrada Literatura Española
9 (RLIN) 632
650 40 - PUNTO DE ACCESO ADICIONAL DE MATERIA--TÉRMINO DE MATERIA
Término de materia o nombre geográfico como elemento de entrada Cuentos dominicanos
9 (RLIN) 176
830 #0 - PUNTO DE ACCESO ADICIONAL DE SERIE-TÍTULO UNIFORME
Título uniforme Tierra alta
9 (RLIN) 63652
942 ## - ELEMENTOS DE PUNTO DE ACCESO ADICIONAL (KOHA)
Fuente del sistema de clasificación o colocación Dewey Decimal Classification
Tipo de ítem Koha Libro
Existencias
Estado de retiro Estado de pérdida Fuente del sistema de clasificación o colocación Restricciones de uso No para préstamo Código de colección Localización permanente Ubicación/localización actual Ubicación en estantería Fecha de adquisición Número de inventario Total de préstamos Signatura topográfica completa Código de barras Fecha visto por última vez Precio válido a partir de Tipo de ítem Koha Número de copia Fuente de adquisición Nota pública
    Dewey Decimal Classification   Préstamo en sala Dominicana de Servicio Biblioteca Nacional Pedro Henríquez Ureña Dominicana En catalogación 19.08.2019     BNPHU DS RD863.5 V335g 2012 2021-26559 15.09.2021 15.09.2021 Libro y Folleto Colección Dominicana de Servicio e.4 Deposito Legal S/A
    Dewey Decimal Classification Excluido de préstamo   Patrimonio Dominicano Biblioteca Nacional Pedro Henríquez Ureña Patrimonio Dominicano En catalogación 16.03.2012 LF1   BNPHU PD RD863.5 V335g 2012 37236-10 25.06.2020 25.06.2020 Libro y Folleto Colección Patrimonio Dominicano      
    Dewey Decimal Classification Excluido de préstamo   Patrimonio Dominicano Biblioteca Nacional Pedro Henríquez Ureña Patrimonio Dominicano En catalogación 16.03.2012 LF1   BNPHU PD RD 863.5 V335g 2012 37236-20 25.06.2020 25.06.2020 Libro y Folleto Colección Patrimonio Dominicano e. 2    
    Dewey Decimal Classification Excluido de préstamo   Dominicana de Servicio Patrimonio Dominicano Patrimonio Dominicano En catalogación 16.03.2012 LF1   BNPHU PD RD863.5 V335g 2012 37236-30 25.06.2020 25.06.2020 Libro y Folleto Colección Dominicana de Servicio e. 3    

Con tecnología Koha